<?xml version="1.0" encoding="UTF-8"?>
<record
    xmlns:xsi="http://www.w3.org/2001/XMLSchema-instance"
    xsi:schemaLocation="http://www.loc.gov/MARC21/slim http://www.loc.gov/standards/marcxml/schema/MARC21slim.xsd"
    xmlns="http://www.loc.gov/MARC21/slim">

  <leader>05331nas1a22008891i 4500</leader>
  <controlfield tag="001">RU\NLR\INFOCOMM4\1000554090</controlfield>
  <controlfield tag="005">20240726035651.0</controlfield>
  <datafield tag="035" ind1=" " ind2=" ">
    <subfield code="a">(NLR Aleph) 002505567</subfield>
  </datafield>
  <datafield tag="090" ind1=" " ind2=" ">
    <subfield code="a">2632407</subfield>
    <subfield code="c">2632407</subfield>
  </datafield>
  <datafield tag="100" ind1=" " ind2=" ">
    <subfield code="a">20040421b18711918|||y0rusy50      ca</subfield>
  </datafield>
  <datafield tag="101" ind1="0" ind2=" ">
    <subfield code="a">rus</subfield>
  </datafield>
  <datafield tag="102" ind1=" " ind2=" ">
    <subfield code="a">RU</subfield>
  </datafield>
  <datafield tag="110" ind1=" " ind2=" ">
    <subfield code="a">ayu||||0|y0</subfield>
  </datafield>
  <datafield tag="200" ind1="1" ind2=" ">
    <subfield code="a">&#x41B;&#x435;&#x441;&#x43D;&#x43E;&#x439; &#x436;&#x443;&#x440;&#x43D;&#x430;&#x43B;</subfield>
    <subfield code="e">&#x418;&#x437;&#x434;. &#x41B;&#x435;&#x441;&#x43D;&#x43E;&#x433;&#x43E; &#x43E;-&#x432;&#x430;</subfield>
  </datafield>
  <datafield tag="210" ind1=" " ind2=" ">
    <subfield code="a">&#x421;&#x41F;&#x431;.</subfield>
    <subfield code="d">1871-1918</subfield>
  </datafield>
  <datafield tag="320" ind1=" " ind2=" ">
    <subfield code="a">&#x41E;&#x431;&#x449;&#x435;&#x435; &#x43E;&#x433;&#x43B;&#x430;&#x432;&#x43B;&#x435;&#x43D;&#x438;&#x435; 1 &#x442;&#x43E;&#x43C;&#x430; "&#x41B;&#x435;&#x441;&#x43D;&#x43E;&#x433;&#x43E; &#x436;&#x443;&#x440;&#x43D;&#x430;&#x43B;&#x430;", &#x438;&#x437;&#x434;&#x430;&#x432;&#x430;&#x435;&#x43C;&#x43E;&#x433;&#x43E; &#x41B;&#x435;&#x441;&#x43D;&#x44B;&#x43C; &#x43E;&#x431;&#x449;&#x435;&#x441;&#x442;&#x432;&#x43E;&#x43C; ( 1871 &#x433;. &#x412;&#x44B;&#x43F;.1, 2, 3, 1872 &#x433;. &#x412;&#x44B;&#x43F;.1, 2, 3, 4, 5, 6, ) (&#x412; &#x436;&#x443;&#x440;&#x43D;. ...1872 &#x412;&#x44B;&#x43F;.6 VI&#x441;. 2-&#x43E;&#x439; &#x43F;&#x430;&#x433;.)</subfield>
  </datafield>
  <datafield tag="320" ind1=" " ind2=" ">
    <subfield code="a">&#x41C;&#x435;&#x43B;&#x44C;&#x43D;&#x438;&#x43A;&#x43E;&#x432;, &#x410;. &#x423;&#x43A;&#x430;&#x437;&#x430;&#x442;&#x435;&#x43B;&#x44C; &#x41B;&#x435;&#x441;&#x43D;&#x43E;&#x433;&#x43E; &#x436;&#x443;&#x440;&#x43D;&#x430;&#x43B;&#x430;, &#x438;&#x437;&#x434;&#x430;&#x432;&#x430;&#x435;&#x43C;&#x43E;&#x433;&#x43E; &#x421;.-&#x41F;&#x435;&#x442;&#x435;&#x440;&#x431;&#x443;&#x440;&#x433;&#x441;&#x43A;&#x438;&#x43C; &#x43B;&#x435;&#x441;&#x43D;&#x44B;&#x43C; &#x43E;&#x431;&#x449;&#x435;&#x441;&#x442;&#x432;&#x43E;&#x43C; &#x437;&#x430; &#x43F;&#x44F;&#x442;&#x44C; &#x43B;&#x435;&#x442;, 1891-1895 &#x433;. &#x421;&#x43F;&#x431;., 1896 &#x41F;&#x440;&#x438;&#x43F;&#x43B;&#x435;&#x442;&#x435;&#x43D;&#x43E; &#x43A; ... 1896 &#x412;&#x44B;&#x43F;.1</subfield>
  </datafield>
  <datafield tag="320" ind1=" " ind2=" ">
    <subfield code="a">&#x414;&#x430;&#x43D;&#x438;&#x435;&#x43B;&#x44C;-&#x411;&#x435;&#x43A;&#x43E;&#x432;, &#x413;. &#x413;. &#x421;&#x438;&#x441;&#x442;&#x435;&#x43C;&#x430;&#x442;&#x438;&#x447;&#x435;&#x441;&#x43A;&#x438;&#x439; &#x443;&#x43A;&#x430;&#x437;&#x430;&#x442;&#x435;&#x43B;&#x44C; &#x41B;&#x435;&#x441;&#x43D;&#x43E;&#x433;&#x43E; &#x436;&#x443;&#x440;&#x43D;&#x430;&#x43B;&#x430;, &#x438;&#x437;&#x434;&#x430;&#x432;&#x430;&#x435;&#x43C;&#x43E;&#x433;&#x43E; &#x421;.-&#x41F;&#x435;&#x442;&#x435;&#x440;&#x431;&#x443;&#x440;&#x433;&#x441;&#x43A;&#x438;&#x43C; &#x43B;&#x435;&#x441;&#x43D;&#x44B;&#x43C; &#x43E;&#x431;&#x449;&#x435;&#x441;&#x442;&#x432;&#x43E;&#x43C; &#x437;&#x430; &#x43F;&#x44F;&#x442;&#x44C; &#x43B;&#x435;&#x442;. 1896-1900 &#x433;.&#x433;. &#x421;&#x43F;&#x431;., 1900 &#x41F;&#x440;&#x438;&#x43F;&#x43B;&#x435;&#x442;&#x435;&#x43D;&#x43E; &#x43A; ... 1901 &#x432;&#x44B;&#x43F;.1, 6</subfield>
  </datafield>
  <datafield tag="320" ind1=" " ind2=" ">
    <subfield code="a">&#x41F;&#x435;&#x447;&#x43D;&#x438;&#x43A;&#x43E;&#x432;&#x430;, &#x421;. &#x421;. &#x438; &#x421;&#x442;&#x435;&#x43B;&#x44C;&#x43C;&#x430;&#x445;&#x43E;&#x432;&#x438;&#x447;, &#x41C;. &#x41B;. &#x421;&#x438;&#x441;&#x442;&#x435;&#x43C;&#x430;&#x442;&#x438;&#x447;&#x435;&#x441;&#x43A;&#x438;&#x439; &#x443;&#x43A;&#x430;&#x437;&#x430;&#x442;&#x435;&#x43B;&#x44C; &#x41B;&#x435;&#x441;&#x43D;&#x43E;&#x433;&#x43E; &#x436;&#x443;&#x440;&#x43D;&#x430;&#x43B;&#x430;, &#x438;&#x437;&#x434;&#x430;&#x432;&#x430;&#x435;&#x43C;&#x43E;&#x433;&#x43E; &#x41F;&#x435;&#x442;&#x435;&#x440;&#x431;&#x443;&#x440;&#x433;&#x441;&#x43A;&#x438;&#x43C; &#x43B;&#x435;&#x441;&#x43D;&#x44B;&#x43C; &#x43E;&#x431;&#x449;&#x435;&#x441;&#x442;&#x432;&#x43E;&#x43C; &#x437;&#x430; 13 &#x43B;&#x435;&#x442; 1906-1918 &#x433;. &#x41A;&#x430;&#x437;&#x430;&#x43D;&#x44C;, 1926. (&#x412; &#x436;&#x443;&#x440;&#x43D;.: &#x418;&#x437;&#x432;&#x435;&#x441;&#x442;&#x438;&#x44F; &#x41A;&#x430;&#x437;&#x430;&#x43D;&#x441;&#x43A;. &#x438;&#x43D;-&#x442;&#x430; &#x441;&#x435;&#x43B;&#x44C;&#x441;&#x43A;&#x43E;&#x433;&#x43E; &#x445;&#x43E;&#x437;&#x44F;&#x439;&#x441;&#x442;&#x432;&#x430; &#x438; &#x43B;&#x435;&#x441;&#x43E;&#x432;&#x43E;&#x434;&#x441;&#x442;&#x432;&#x430; 1926, &#x412;&#x44B;&#x43F;.5) (&#x428;&#x438;&#x444;&#x440;: &#x41F;14/186)</subfield>
  </datafield>
  <datafield tag="712" ind1="0" ind2="2">
    <subfield code="a">&#x41F;&#x435;&#x442;&#x435;&#x440;&#x431;&#x443;&#x440;&#x433;&#x441;&#x43A;&#x43E;&#x435; &#x43B;&#x435;&#x441;&#x43D;&#x43E;&#x435; &#x43E;&#x431;&#x449;&#x435;&#x441;&#x442;&#x432;&#x43E;</subfield>
    <subfield code="4">570</subfield>
  </datafield>
  <datafield tag="801" ind1=" " ind2="1">
    <subfield code="a">RU</subfield>
    <subfield code="b">InfoComm</subfield>
    <subfield code="c">20040421</subfield>
  </datafield>
  <datafield tag="801" ind1=" " ind2="0">
    <subfield code="a">RU</subfield>
    <subfield code="b">NLR</subfield>
    <subfield code="g">PSBO</subfield>
  </datafield>
  <datafield tag="852" ind1=" " ind2=" ">
    <subfield code="a">NLR</subfield>
    <subfield code="j">1/247</subfield>
  </datafield>
  <datafield tag="942" ind1=" " ind2=" ">
    <subfield code="c">JOURNAL</subfield>
  </datafield>
  <datafield tag="980" ind1=" " ind2=" ">
    <subfield code="a">RUSPER</subfield>
  </datafield>
</record>
